<?xml version="1.0" encoding="UTF-8"?>
<record
    xmlns:xsi="http://www.w3.org/2001/XMLSchema-instance"
    xsi:schemaLocation="http://www.loc.gov/MARC21/slim http://www.loc.gov/standards/marcxml/schema/MARC21slim.xsd"
    xmlns="http://www.loc.gov/MARC21/slim">

  <leader>03647nam a2200553Ia 4500</leader>
  <controlfield tag="001">800</controlfield>
  <controlfield tag="008">241029s9999    xx            000 0 und d</controlfield>
  <datafield tag="010" ind1=" " ind2=" ">
    <subfield code="a">723</subfield>
  </datafield>
  <datafield tag="041" ind1=" " ind2=" ">
    <subfield code="a">Espa&#xF1;ol</subfield>
  </datafield>
  <datafield tag="082" ind1=" " ind2=" ">
    <subfield code="a">ISFODOSU TMLA 12-0004</subfield>
  </datafield>
  <datafield tag="245" ind1=" " ind2="0">
    <subfield code="a">Caracter&#xED;sticas de comprensi&#xF3;n lectora en los estudiantes del Nivel Medio, Primer Grado, Primer Ciclo del Liceo Vespertino Fernando Alberto Defill&#xF3;, Distrito Educativo 10-06. Per&#xED;odo 2010-2011.</subfield>
  </datafield>
  <datafield tag="260" ind1=" " ind2=" ">
    <subfield code="a">Santo Domingo</subfield>
  </datafield>
  <datafield tag="300" ind1=" " ind2=" ">
    <subfield code="a">127</subfield>
  </datafield>
  <datafield tag="520" ind1=" " ind2=" ">
    <subfield code="a">9</subfield>
  </datafield>
  <datafield tag="630" ind1=" " ind2=" ">
    <subfield code="a">Comprensi&#xF3;n Lectora</subfield>
  </datafield>
  <datafield tag="630" ind1=" " ind2=" ">
    <subfield code="a">Estrategia Docente</subfield>
  </datafield>
  <datafield tag="630" ind1=" " ind2=" ">
    <subfield code="a">Estudiantes</subfield>
  </datafield>
  <datafield tag="650" ind1=" " ind2=" ">
    <subfield code="a">Lengua Espa&#xF1;ola</subfield>
  </datafield>
  <datafield tag="690" ind1=" " ind2=" ">
    <subfield code="a">Elaborado</subfield>
  </datafield>
  <datafield tag="700" ind1=" " ind2=" ">
    <subfield code="e">asesor</subfield>
    <subfield code="a">Espinal , Olga </subfield>
  </datafield>
  <datafield tag="700" ind1=" " ind2=" ">
    <subfield code="e">autor</subfield>
    <subfield code="a">Mendoza Rudesindo , Germ&#xE1;n </subfield>
  </datafield>
  <datafield tag="700" ind1=" " ind2=" ">
    <subfield code="e">autor</subfield>
    <subfield code="a">Guti&#xE9;rrez &#xC3;&#x81;lvarez , Reinilda</subfield>
  </datafield>
  <datafield tag="901" ind1=" " ind2=" ">
    <subfield code="a">{"1":"Mendoza Rudesindo ","2":"Guti&#xE9;rrez &#xC3;&#x81;lvarez "}</subfield>
    <subfield code="b">{"1":"Germ&#xE1;n ","2":"Reinilda"}</subfield>
  </datafield>
  <datafield tag="902" ind1=" " ind2=" ">
    <subfield code="a">1</subfield>
  </datafield>
  <datafield tag="903" ind1=" " ind2=" ">
    <subfield code="a">{"1":"Espinal "}</subfield>
    <subfield code="b">{"1":"Olga "}</subfield>
  </datafield>
  <datafield tag="904" ind1=" " ind2=" ">
    <subfield code="a">Maestr&#xED;a en</subfield>
  </datafield>
  <datafield tag="905" ind1=" " ind2=" ">
    <subfield code="a">Ling&#xFC;&#xED;stica Aplicada</subfield>
  </datafield>
  <datafield tag="906" ind1=" " ind2=" ">
    <subfield code="a">1</subfield>
  </datafield>
  <datafield tag="907" ind1=" " ind2=" ">
    <subfield code="a">Orientada en</subfield>
  </datafield>
  <datafield tag="908" ind1=" " ind2=" ">
    <subfield code="a">Ense&#xF1;anza de la Lengua Espa&#xF1;ola</subfield>
  </datafield>
  <datafield tag="909" ind1=" " ind2=" ">
    <subfield code="a">ISFODOSU, Recinto F&#xE9;lix Evaristo Mej&#xED;a</subfield>
  </datafield>
  <datafield tag="910" ind1=" " ind2=" ">
    <subfield code="a">NULL</subfield>
    <subfield code="b">NULL</subfield>
  </datafield>
  <datafield tag="911" ind1=" " ind2=" ">
    <subfield code="a">["1"]</subfield>
  </datafield>
  <datafield tag="912" ind1=" " ind2=" ">
    <subfield code="a">NO APLICA</subfield>
  </datafield>
  <datafield tag="913" ind1=" " ind2=" ">
    <subfield code="a">NULL</subfield>
  </datafield>
  <datafield tag="914" ind1=" " ind2=" ">
    <subfield code="a">01 de Mayo de 2012</subfield>
  </datafield>
  <datafield tag="915" ind1=" " ind2=" ">
    <subfield code="a">14/11/19 05:11</subfield>
  </datafield>
  <datafield tag="916" ind1=" " ind2=" ">
    <subfield code="a">NULL</subfield>
  </datafield>
  <datafield tag="917" ind1=" " ind2=" ">
    <subfield code="a">NULL</subfield>
  </datafield>
  <datafield tag="918" ind1=" " ind2=" ">
    <subfield code="a">NO APLICA</subfield>
  </datafield>
  <datafield tag="919" ind1=" " ind2=" ">
    <subfield code="a">["43","94","96"]</subfield>
  </datafield>
  <datafield tag="520" ind1=" " ind2=" ">
    <subfield code="a">Los objetivos principales de este estudio consistieron en determinar las caracter&#xED;sticas de comprensi&#xF3;n lectora en los estudiantes del Liceo Vespertino Fernando Alberto Defill&#xF3;, Distrito Educativo 10-06, Municipio Santo Domingo Este, a&#xF1;o lectivo 2010-2011. Establecer el nivel de comprensi&#xF3;n lectora en los/las estudiantes de Nivel Medio, Primer Grado, Primer Ciclo de dicho Liceo y determinar el tipo de estrategia utilizada por los discentes en la comprensi&#xF3;n lectora.La metodolog&#xED;a utilizada fue de tipo descriptiva. Se fundament&#xF3; en el m&#xE9;todo cient&#xED;fico y como t&#xE9;cnicas se utiliz&#xF3; la recolecci&#xF3;n de datos, el cuestionario, la observaci&#xF3;n, la entrevista y el an&#xE1;lisis.Se trabaj&#xF3; con una poblaci&#xF3;n de novecientos veinticuatro (924) estudiantes que posee el Liceo Fernando Alberto Defill&#xF3; y como muestra se tomaron trescientos treinta y nueve (339) estudiantes de Primero de Bachillerato y cinco (5) maestros del &#xE1;rea de Lengua Espa&#xF1;ola.El estudio concluy&#xF3;, que los discentes de Primero tienen un mayor dominio tanto de las caracter&#xED;sticas, niveles y estrategias que se implementen en los textos narrativos, ya que el 62% respondi&#xF3; satisfactoriamente al an&#xE1;lisis de textos, lo que indica que los maestros le trabajan m&#xE1;s los textos narrativos que los argumentativos. Al observar que un reducido porcentaje representado por un 38% no reconocen los elementos esenciales de la comprensi&#xF3;n lectora; mientras, que un porcentaje menor aplicado a la misma muestra equivalente al 34% solo pudo trabajar textos argumentativos.El estudio recomend&#xF3;, que los maestros dediquen m&#xE1;s tiempo a trabajar con los estudiantes la comprensi&#xF3;n lectora en otros tipos de textos como lo que son argumentativos, descriptivos, que los maestros busquen las herramientas necesarias para que los alumnos puedan interactuar con los dem&#xE1;s tipos de textos, que se pongan en ejecuci&#xF3;n herramientas efectivas al momento de poner en pr&#xE1;ctica la adquisici&#xF3;n de la comprensi&#xF3;n lectora en los diferentes tipos de textos, argumentativos, descriptivos informativos.</subfield>
  </datafield>
  <datafield tag="921" ind1=" " ind2=" ">
    <subfield code="a">16</subfield>
  </datafield>
  <datafield tag="922" ind1=" " ind2=" ">
    <subfield code="a">16</subfield>
  </datafield>
  <datafield tag="923" ind1=" " ind2=" ">
    <subfield code="a">0</subfield>
  </datafield>
  <datafield tag="924" ind1=" " ind2=" ">
    <subfield code="a">NO APLICA</subfield>
  </datafield>
  <datafield tag="942" ind1=" " ind2=" ">
    <subfield code="c">Tesis</subfield>
  </datafield>
  <datafield tag="999" ind1=" " ind2=" ">
    <subfield code="c">723</subfield>
    <subfield code="d">723</subfield>
  </datafield>
</record>
